[Event "Sterlitamak-ch U13"]
[Site "Sterlitamak"]
[Date "2016.04.29"]
[Round "10.3"]
[White "Gupalo, Petr"]
[Black "Sirotkin, Igor"]
[Result "1-0"]
[WhiteElo "1225"]
[BlackElo "2149"]
[PlyCount "29"]
[EventDate "2016.04.11"]
[EventType "tourn"]
[EventRounds "11"]
[EventCountry "RUS"]
[SourceTitle "EXT 2022"]
[Source "ChessBase"]
[SourceDate "2021.10.06"]
[SourceVersion "1"]
[SourceVersionDate "2021.10.06"]
[SourceQuality "1"]

1. d4 d5 2. Bf4 Bf5 3. e3 Nc6 4. c4 dxc4 5. Bxc4 Nb4 6. Qa4+ Nc6 7. Nc3 Nf6 8. Nf3 e6 9. Bb5 Be4 10. 0-0 Bd6 11. Nxe4 Nxe4 12. Bxc6+ bxc6 13. Qxc6+ Qd7 14. Qxa8+ Qd8 15. Qxe4 1-0

[Event "Sterlitamak-ch U13"]
[Site "Sterlitamak"]
[Date "2016.04.24"]
[Round "8.2"]
[White "Ermakov, Maxim"]
[Black "Sirotkin, Igor"]
[Result "1-0"]
[WhiteElo "1055"]
[BlackElo "2149"]
[PlyCount "47"]
[EventDate "2016.04.11"]
[EventType "tourn"]
[EventRounds "11"]
[EventCountry "RUS"]
[SourceTitle "EXT 2022"]
[Source "ChessBase"]
[SourceDate "2021.10.06"]
[SourceVersion "1"]
[SourceVersionDate "2021.10.06"]
[SourceQuality "1"]

1. d4 d5 2. Nf3 c5 3. dxc5 Nc6 4. Bf4 e6 5. e3 Bxc5 6. Bd3 Nf6 7. c3 0-0 8. Nbd2 Re8 9. 0-0 e5 10. Nb3 b6 11. Bb5 Qd7 12. Bg5 Qd6 13. Bxf6 Qxf6 14. Qxd5 Bb7 15. Nxc5 bxc5 16. Qxc5 a6 17. Bxc6 Bxc6 18. Nh4 Bb5 19. c4 Rac8 20. Qd5 Qxh4 21. cxb5 axb5 22. Qxb5 Re6 23. Rac1 Rxc1 24. Qb8+ 1-0